[Event "Biel HTO 56th"]
[Site "Biel"]
[Date "2023.07.20"]
[Round "4"]
[White "Ermitsch, Magnus"]
[Black "Hornung, Hans"]
[Result "1-0"]
[WhiteElo "2232"]
[BlackElo "2047"]
[PlyCount "65"]
[EventDate "2023.07.17"]
[EventType "swiss"]
[EventRounds "10"]
[EventCountry "SUI"]
[SourceTitle "CBM 215 Extra"]
[Source "ChessBase"]
[SourceDate "2023.09.30"]
[SourceVersion "1"]
[SourceVersionDate "2023.09.30"]
[SourceQuality "1"]

1. e4 d5 2. exd5 Nf6 3. d4 Nxd5 4. c4 Nb6 5. Nc3 e5 6. Qe2 Be7 7. dxe5 Nc6 8. Be3 0-0 9. Rd1 Qe8 10. f4 Bb4 11. Qc2 f6 12. Bd3 fxe5 13. Bxh7+ Kh8 14. Bg6 Qe7 15. Qe2 Rf5 16. Bxf5 Bxf5 17. Qh5+ Bh7 18. Bxb6 axb6 19. Nge2 Bc5 20. Nd5 Bb4+ 21. Nec3 Qc5 22. a3 Bxc3+ 23. Nxc3 Qe3+ 24. Qe2 Qxf4 25. Nd5 Qh4+ 26. g3 Qh3 27. Rf1 Nd4 28. Qxe5 Nc2+ 29. Kd2 Qxh2+ 30. Qe2 Qxg3 31. Rh1 Qg6 32. Qh5 Qxh5 33. Rxh5 1-0

[Event "Bayern-chI Bank Hofmann 24th"]
[Site "Tegernsee"]
[Date "2021.11.01"]
[Round "3"]
[White "Hornung, Hans"]
[Black "Baum, Jonasz"]
[Result "0-1"]
[WhiteElo "2063"]
[BlackElo "2260"]
[PlyCount "50"]
[EventDate "2021.10.30"]
[EventType "swiss"]
[EventRounds "9"]
[EventCountry "GER"]
[SourceTitle "CBM 205 Extra"]
[Source "ChessBase"]
[SourceDate "2022.01.31"]
[SourceVersion "1"]
[SourceVersionDate "2022.01.31"]
[SourceQuality "1"]

1. Nf3 d5 2. g3 c6 3. Bg2 Bg4 4. b3 Nd7 5. Bb2 Ngf6 6. 0-0 e6 7. d3 Bd6 8. Nbd2 Qc7 9. c4 h5 10. Re1 0-0-0 11. a3 Bxf3 12. Nxf3 Ng4 13. e4 dxe4 14. Ng5 exd3 15. Qxd3 Bc5 16. Re2 Ndf6 17. Qc2 h4 18. b4 hxg3 19. bxc5 gxf2+ 20. Kf1 Qxh2 21. Nf3 Nh5 22. Rxf2 Ne3+ 23. Ke2 Qf4 24. Qc3 Ng3+ 25. Ke1 Qe4 0-1

[Event "Erfurt op-A 29th"]
[Site "Erfurt"]
[Date "2019.12.28"]
[Round "4"]
[White "Hornung, Hans"]
[Black "Schmid, Anton"]
[Result "0-1"]
[WhiteElo "2080"]
[BlackElo "1783"]
[PlyCount "84"]
[EventDate "2019.12.26"]
[EventType "swiss"]
[EventRounds "8"]
[EventCountry "GER"]
[SourceTitle "CBM 194 Extra"]
[Source "ChessBase"]
[SourceDate "2020.03.31"]
[SourceVersion "1"]
[SourceVersionDate "2020.03.31"]
[SourceQuality "1"]

1. c4 e5 2. Nc3 Nf6 3. Nf3 Nc6 4. a3 d6 5. e3 g6 6. d4 Bg4 7. Be2 Bg7 8. d5 Ne7 9. e4 0-0 10. Be3 Bd7 11. Nd2 Ne8 12. 0-0 f5 13. f3 f4 14. Bf2 g5 15. b4 Rf7 16. c5 Bf8 17. Rc1 Rg7 18. Nc4 h5 19. h3 Ng6 20. c6 bxc6 21. Na5 Qc8 22. Nxc6 Bxh3 23. Nxa7 Rxa7 24. Bxa7 Nh4 25. Rf2 Bd7 26. Rf1 g4 27. Bf2 g3 28. Bb5 Bxb5 29. Nxb5 gxf2+ 30. Rxf2 Qb7 31. a4 Qb6 32. Kf1 Be7 33. Rc6 Qb8 34. Rfc2 Bd8 35. Qd3 Ng6 36. Ke1 Ne7 37. R6c3 Qb6 38. Qf1 c5 39. dxc6 d5 40. exd5 Nxd5 41. Qc4 Qg1+ 42. Qf1 Bh4+ 0-1

[Event "Erfurt op-A 29th"]
[Site "Erfurt"]
[Date "2019.12.27"]
[Round "2"]
[White "Hornung, Hans"]
[Black "Schmidt, Kai Uwe"]
[Result "1/2-1/2"]
[WhiteElo "2080"]
[BlackElo "1982"]
[PlyCount "42"]
[EventDate "2019.12.26"]
[EventType "swiss"]
[EventRounds "8"]
[EventCountry "GER"]
[SourceTitle "CBM 194 Extra"]
[Source "ChessBase"]
[SourceDate "2020.03.31"]
[SourceVersion "1"]
[SourceVersionDate "2020.03.31"]
[SourceQuality "1"]

1. c4 c5 2. Nc3 Nc6 3. Nf3 e5 4. g3 g6 5. Bg2 Bg7 6. 0-0 Nge7 7. Ne1 Rb8 8. Nc2 0-0 9. Rb1 a6 10. b4 cxb4 11. Nxb4 b5 12. cxb5 axb5 13. Nxc6 dxc6 14. Ba3 Bf5 15. d3 Re8 16. Ne4 Nd5 17. Qd2 Bxe4 18. Bxe4 f5 19. Bg2 e4 20. Bb2 e3 21. fxe3 Nxe3 1/2-1/2

[Event "Regionalliga Sued-West 1819"]
[Site "Bayern"]
[Date "2018.11.25"]
[Round "3.2"]
[White "Hornung, Hans"]
[Black "Fischer, Manfred"]
[Result "0-1"]
[WhiteElo "1992"]
[BlackElo "2061"]
[PlyCount "82"]
[EventDate "2018.10.21"]
[EventType "team-tourn"]
[EventRounds "9"]
[EventCountry "GER"]
[SourceTitle "EXT 2022"]
[Source "ChessBase"]
[SourceDate "2021.10.06"]
[SourceVersion "1"]
[SourceVersionDate "2021.10.06"]
[SourceQuality "1"]
[WhiteTeam "Klosterlechfeld"]
[BlackTeam "Tuerkheim/Bad Woerishofen"]
[WhiteTeamCountry "GER"]
[BlackTeamCountry "GER"]

1. Nf3 c5 2. c4 Nf6 3. Nc3 e6 4. g3 b6 5. Bg2 Bb7 6. 0-0 Be7 7. d4 cxd4 8. Qxd4 d6 9. b3 Nbd7 10. Bb2 a6 11. e4 Qc7 12. Qe3 0-0 13. Nd4 Rfe8 14. Qe2 Rac8 15. Rad1 Qb8 16. f4 Qa8 17. Kh1 Rc7 18. g4 Nc5 19. Rde1 d5 20. exd5 exd5 21. Nxd5 Nxd5 22. cxd5 Bxd5 23. Nf5 Bxg2+ 24. Qxg2 Qxg2+ 25. Kxg2 Nd3 26. Nxe7+ Rcxe7 27. Rxe7 Rxe7 28. Bd4 Re2+ 29. Kg3 h5 30. gxh5 Rxa2 31. Rg1 Kh7 32. Kf3 f6 33. Bxb6 Rb2 34. Be3 Rxb3 35. Ra1 Nb4 36. Ra4 Nd5 37. Rxa6 Rxe3+ 38. Kg4 Re4 39. Ra5 Rxf4+ 40. Kg3 Rf5 41. Kh4 Kh6 0-1

[Event "Regionalliga Sued-West 1819"]
[Site "Bayern"]
[Date "2018.11.11"]
[Round "2.3"]
[White "Hornung, Hans"]
[Black "Haas, Peter"]
[Result "1/2-1/2"]
[WhiteElo "1992"]
[BlackElo "2077"]
[PlyCount "100"]
[EventDate "2018.10.21"]
[EventType "team-tourn"]
[EventRounds "9"]
[EventCountry "GER"]
[SourceTitle "EXT 2022"]
[Source "ChessBase"]
[SourceDate "2021.10.06"]
[SourceVersion "1"]
[SourceVersionDate "2021.10.06"]
[SourceQuality "1"]
[WhiteTeam "Klosterlechfeld"]
[BlackTeam "Sendling SC"]
[WhiteTeamCountry "GER"]
[BlackTeamCountry "GER"]

1. Nf3 d5 2. b3 c5 3. e3 Nf6 4. Bb2 Nc6 5. Bb5 Bd7 6. 0-0 e6 7. Bxc6 Bxc6 8. Ne5 Qc7 9. d3 Bd6 10. f4 0-0-0 11. Nd2 Rhg8 12. Qe2 Ne8 13. b4 f6 14. bxc5 Bxc5 15. Nb3 Bb6 16. Nxc6 Qxc6 17. a4 a6 18. a5 Ba7 19. Bd4 Kb8 20. Rab1 Nd6 21. Bxa7+ Kxa7 22. Nd4 Qd7 23. Rb6 Rc8 24. Rfb1 Rc7 25. Qd2 e5 26. Qb4 Rd8 27. fxe5 fxe5 28. Nf3 Qe7 29. h3 Nb5 30. c4 dxc4 31. dxc4 Rd1+ 32. Kh2 Rxb1 33. Qxb1 Na3 34. Qf5 g6 35. Qxe5 Nxc4 36. Qd4 Qxe3 37. Qxe3 Nxe3 38. Rb2 Rc5 39. Ra2 Rd5 40. Ra4 Nf5 41. Kg1 Kb8 42. Kf2 Kc7 43. Ng5 h6 44. Nf7 Rd2+ 45. Kf3 Rd5 46. g4 Nh4+ 47. Ke4 Rb5 48. Ra3 Kd7 49. Ne5+ Ke6 50. Nc4 g5 1/2-1/2

[Event "Munich OIS op 37th"]
[Site "Munich"]
[Date "2017.10.05"]
[Round "6"]
[White "Kivisto, Mikko"]
[Black "Hornung, Hans"]
[Result "1-0"]
[WhiteElo "2257"]
[BlackElo "2021"]
[PlyCount "109"]
[EventDate "2017.09.30"]
[EventType "swiss"]
[EventRounds "9"]
[EventCountry "GER"]
[SourceTitle "CBM 181 Extra"]
[Source "ChessBase"]
[SourceDate "2017.12.12"]
[SourceVersion "1"]
[SourceVersionDate "2017.12.12"]
[SourceQuality "1"]

1. e4 c5 2. b3 Nf6 3. e5 Nd5 4. Nf3 g6 5. Bb2 Bg7 6. Nc3 Nxc3 7. Bxc3 0-0 8. Bc4 d5 9. exd6 Qxd6 10. Bxg7 Kxg7 11. d4 Nc6 12. dxc5 Qxc5 13. 0-0 Bg4 14. Qd5 Qb6 15. Qe4 Bf5 16. Qe2 Rad8 17. h3 Rd6 18. Rad1 Rfd8 19. Rxd6 Rxd6 20. c3 Qd8 21. Rc1 f6 22. Bb5 Bd3 23. Bxd3 Rxd3 24. Nd4 Rxd4 25. cxd4 Nxd4 26. Qe4 Qd7 27. f4 Nf5 28. Kh2 h5 29. Rc5 h4 30. Qc4 Nd6 31. Rc7 Qd8 32. Qc2 a6 33. a4 Kh6 34. Kg1 Nf5 35. Qc1 Qd4+ 36. Kh2 Qf2 37. Rc3 Ng3 38. Rf3 Qd4 39. Qe1 Qc5 40. Rf2 a5 41. Rf3 b6 42. Qf2 Qc1 43. Qg1 Qc6 44. Qe3 Qd6 45. Qd3 Qc5 46. Qc4 Qxc4 47. bxc4 e5 48. fxe5 fxe5 49. Rb3 e4 50. Rxb6 e3 51. Kg1 Kg5 52. Re6 Kf4 53. c5 Ne2+ 54. Kf1 Nd4 55. Rxg6 1-0

[Event "Pyramiden Franken Cup"]
[Site "Fuerth"]
[Date "2015.09.06"]
[Round "6"]
[White "Lutter, Maximilian"]
[Black "Hornung, Hans"]
[Result "1/2-1/2"]
[WhiteElo "1776"]
[BlackElo "2106"]
[PlyCount "45"]
[EventDate "2015.09.03"]
[EventType "swiss"]
[EventRounds "7"]
[EventCountry "GER"]
[SourceTitle "EXT 2016"]
[Source "ChessBase"]
[SourceDate "2015.10.08"]
[SourceVersion "1"]
[SourceVersionDate "2015.10.08"]
[SourceQuality "1"]

1. c4 Nf6 2. d4 Nc6 3. Nf3 e6 4. a3 d6 5. Nc3 g6 6. e4 Bg7 7. Be2 0-0 8. 0-0 Re8 9. Be3 e5 10. d5 Nd4 11. Nxd4 exd4 12. Bxd4 Nxe4 13. Bxg7 Kxg7 14. Nxe4 Rxe4 15. Qc2 Re8 16. Qc3+ Qf6 17. Qxf6+ Kxf6 18. Bd3 Bd7 19. Rae1 h6 20. f4 Rxe1 21. Rxe1 Re8 22. Rxe8 Bxe8 23. Kf2 1/2-1/2

[Event "Wunsiedel op 9th"]
[Site "Wunsiedel"]
[Date "2015.05.16"]
[Round "5"]
[White "Feldtmann, Thomas"]
[Black "Hornung, Hans"]
[Result "1-0"]
[WhiteElo "2247"]
[BlackElo "2110"]
[PlyCount "51"]
[EventDate "2015.05.14"]
[EventType "swiss"]
[EventRounds "7"]
[EventCountry "GER"]
[SourceTitle "CBM 166 Extra"]
[Source "ChessBase"]
[SourceDate "2015.06.18"]
[SourceVersion "1"]
[SourceVersionDate "2015.06.18"]
[SourceQuality "1"]

1. d4 e6 2. c4 Bb4+ 3. Nc3 b6 4. e3 Bxc3+ 5. bxc3 Bb7 6. Ne2 f5 7. Nf4 Nf6 8. Ba3 c5 9. dxc5 Na6 10. Qa4 Kf7 11. c6 dxc6 12. c5 Nd5 13. Nxd5 b5 14. Qf4 cxd5 15. Bd3 Qf6 16. Rc1 Rac8 17. Bxb5 Nxc5 18. Qb4 Rc7 19. 0-0 Rhc8 20. Rfd1 Kg8 21. c4 Qg6 22. cxd5 Bxd5 23. Bf1 h5 24. Qa5 h4 25. h3 Nb3 26. axb3 1-0

[Event "Wunsiedel op 9th"]
[Site "Wunsiedel"]
[Date "2015.05.14"]
[Round "2"]
[White "Hornung, Hans"]
[Black "Loew, Gerald"]
[Result "0-1"]
[WhiteElo "2110"]
[BlackElo "2227"]
[PlyCount "50"]
[EventDate "2015.05.14"]
[EventType "swiss"]
[EventRounds "7"]
[EventCountry "GER"]
[SourceTitle "CBM 166 Extra"]
[Source "ChessBase"]
[SourceDate "2015.06.18"]
[SourceVersion "1"]
[SourceVersionDate "2015.06.18"]
[SourceQuality "1"]

1. Nf3 c5 2. c4 g6 3. d4 cxd4 4. Nxd4 Bg7 5. Nc2 Nc6 6. g3 b6 7. Bg2 Bb7 8. Ne3 Rc8 9. 0-0 d6 10. Nd2 Qd7 11. Rb1 Nh6 12. Nd5 Nf5 13. b3 e6 14. Nf4 0-0 15. Bb2 Ne5 16. Ne4 Rfd8 17. e3 b5 18. Qe2 bxc4 19. bxc4 Ba6 20. Rfc1 Rxc4 21. Nh5 Rxc1+ 22. Rxc1 Bxe2 23. Nhf6+ Bxf6 24. Nxf6+ Kf8 25. Nxd7+ Rxd7 0-1

[Event "Bayern-ch 83th"]
[Site "Bayerisch Eisenstein"]
[Date "2012.08.25"]
[Round "8"]
[White "Walter, Florian"]
[Black "Hornung, Hans"]
[Result "1-0"]
[WhiteElo "2081"]
[BlackElo "2037"]
[PlyCount "57"]
[EventDate "2012.08.18"]
[EventType "swiss"]
[EventRounds "9"]
[EventCountry "GER"]
[SourceTitle "EXT 2013"]
[Source "ChessBase"]
[SourceDate "2012.11.22"]
[SourceVersion "1"]
[SourceVersionDate "2012.11.22"]
[SourceQuality "1"]

1. c4 c5 2. g3 Nc6 3. Bg2 g6 4. Nc3 Bg7 5. Nf3 d6 6. 0-0 Qd7 7. Rb1 b6 8. a3 Bb7 9. e3 Bxc3 10. bxc3 f5 11. e4 Nf6 12. exf5 gxf5 13. d3 0-0-0 14. Bg5 Ng4 15. d4 Rhg8 16. Re1 h6 17. Bh4 Rdf8 18. dxc5 bxc5 19. Qa4 e5 20. Rb2 Rg7 21. Reb1 Qe8 22. h3 Nf6 23. Nxe5 Nxe5 24. Bxb7+ Rxb7 25. Qxe8+ Nxe8 26. Rxb7 Nf3+ 27. Kg2 Nxh4+ 28. gxh4 Rf6 29. Rxa7 1-0

[Event "Bayern-ch 83th"]
[Site "Bayerisch Eisenstein"]
[Date "2012.08.24"]
[Round "7"]
[White "Hornung, Hans"]
[Black "Schelle, Artur"]
[Result "0-1"]
[WhiteElo "2037"]
[BlackElo "2181"]
[PlyCount "94"]
[EventDate "2012.08.18"]
[EventType "swiss"]
[EventRounds "9"]
[EventCountry "GER"]
[SourceTitle "EXT 2013"]
[Source "ChessBase"]
[SourceDate "2012.11.22"]
[SourceVersion "1"]
[SourceVersionDate "2012.11.22"]
[SourceQuality "1"]

1. Nf3 g6 2. d4 Bg7 3. c4 d6 4. Nc3 Nf6 5. g3 0-0 6. Bg2 c6 7. 0-0 Qa5 8. e4 Qh5 9. Ng5 h6 10. Qxh5 Nxh5 11. Nf3 Be6 12. d5 Bd7 13. Bd2 Na6 14. Ne1 Nc5 15. b4 Na4 16. Rc1 Nb6 17. Nd1 Rfc8 18. Ne3 Nf6 19. Nd3 cxd5 20. exd5 Na4 21. Rfe1 b6 22. f3 Rc7 23. Rc2 Rac8 24. Rec1 g5 25. g4 e6 26. dxe6 Bxe6 27. h3 h5 28. f4 gxf4 29. Nxf4 hxg4 30. hxg4 Bh6 31. Nf5 Bxf5 32. gxf5 Kh7 33. Nd5 Nxd5 34. Bxd5 Rg8+ 35. Kh1 Rg4 36. Bxh6 Kxh6 37. Rh2+ Kg5 38. Rf1 Nc3 39. Bf3 Ne4 40. Bxe4 Rxe4 41. Rg2+ Rg4 42. Rd1 Rxg2 43. Kxg2 Rxc4 44. Rxd6 Rc2+ 45. Kf3 Rxa2 46. Ke4 Ra4 47. Rd4 a5 0-1